Truyện ngắn thành phố Hồ Chí Minh : 1975-1995
שמור ב:
| פורמט: | Sách giấy |
|---|---|
| שפה: | Vietnamese |
| יצא לאור: |
TP.HCM :
Văn nghệ,
1995
|
| נושאים: | |
| תגים: |
הוספת תג
אין תגיות, היה/י הראשונ/ה לתייג את הרשומה!
|
| Thư viện lưu trữ: | Thư viện Trường Đại học Đà Lạt |
|---|
| LEADER | 00673nam a2200277 4500 | ||
|---|---|---|---|
| 001 | DLU020016058 | ||
| 005 | ##20001029 | ||
| 020 | # | # | |a 978- |
| 041 | # | # | |a vie |
| 082 | # | # | |a 895.922 3 |b Tru |
| 245 | # | # | |a Truyện ngắn thành phố Hồ Chí Minh : |b 1975-1995 |
| 260 | # | # | |a TP.HCM : |b Văn nghệ, |c 1995 |
| 300 | # | # | |a 441 tr.; |c 24 cm. |
| 653 | # | # | |a Sưu tập văn học |
| 653 | # | # | |a Truyện ngắn |
| 653 | # | # | |a Văn học hiện đại |
| 653 | # | # | |a Văn học Việt Nam |
| 992 | # | # | |a 50000 |
| 994 | # | # | |a DLU |
| 900 | # | # | |a False |
| 911 | # | # | |a Administrator |
| 925 | # | # | |a G |
| 926 | # | # | |a A |
| 927 | # | # | |a SH |
| 980 | # | # | |a Thư viện Trường Đại học Đà Lạt |